[Event "Uljanovsk op"]
[Site "Uljanovsk"]
[Date "2009.08.29"]
[Round "8"]
[White "Konopkin, Alexey"]
[Black "Nikonova, Irina"]
[Result "1-0"]
[WhiteElo "1866"]
[BlackElo "2006"]
[PlyCount "147"]
[EventDate "2009.08.26"]
[EventType "swiss"]
[EventRounds "9"]
[EventCountry "RUS"]
[SourceTitle "CBM 132 Extra"]
[Source "ChessBase"]
[SourceDate "2009.11.03"]
[SourceVersion "1"]
[SourceVersionDate "2009.11.03"]
[SourceQuality "1"]

1. d4 Nf6 2. c4 e6 3. Nc3 Bb4 4. e3 0-0 5. Nge2 b6 6. a3 Bxc3+ 7. Nxc3 Bb7 8. f3 d5 9. Bd3 Nc6 10. cxd5 exd5 11. 0-0 Qd7 12. Qc2 Ne7 13. Ne2 a5 14. Bd2 Ba6 15. Bxa6 Rxa6 16. Rfc1 Rc8 17. b4 a4 18. Nf4 Ne8 19. Nd3 f6 20. Rab1 Nd6 21. Qa2 Qb5 22. Nf4 c6 23. Kf2 Ra7 24. Rc3 Qa6 25. Rbc1 Qb7 26. e4 Nb5 27. Rd3 Rd8 28. Be3 Qd7 29. e5 f5 30. Nh5 Qe8 31. g4 fxg4 32. fxg4 Qg6 33. Qe2 Rf8+ 34. Ke1 Rf7 35. Kd2 Ra8 36. Nf4 Qe4 37. Ne6 h6 38. g5 Qf5 39. Nf4 hxg5 40. Nh5 g4 41. Nf4 Raf8 42. Rg1 Nc7 43. h3 g3 44. Rxg3 Qe4 45. Nh5 Nf5 46. Rg4 Nxe3 47. Rxe3 Qb1 48. Nf6+ Rxf6 49. exf6 Qb2+ 50. Ke1 Qc1+ 51. Kf2 Rxf6+ 52. Kg2 Rf7 53. h4 Kf8 54. h5 Qc4 55. Qxc4 dxc4 56. Rg6 Nd5 57. Rf3 Nf4+ 58. Rxf4 Rxf4 59. Rxc6 b5 60. d5 Rd4 61. Rc5 Rd3 62. Rxb5 Rxa3 63. Rc5 c3 64. d6 Ke8 65. Rc7 Ra2+ 66. Kf3 c2 67. Ke4 a3 68. Kd5 Kd8 69. Ke6 Rb2 70. Rxg7 Kc8 71. d7+ Kc7 72. Rg8 Kb7 73. d8Q c1Q 74. Qa8+ 1-0

[Event "Uljanovsk Privolje op"]
[Site "Uljanovsk"]
[Date "2009.02.02"]
[Round "5"]
[White "Konopkin, Alexey"]
[Black "Petrov, Timur"]
[Result "1/2-1/2"]
[WhiteElo "1843"]
[BlackElo "1982"]
[PlyCount "50"]
[EventDate "2009.01.31"]
[EventType "swiss"]
[EventRounds "9"]
[EventCountry "RUS"]
[SourceTitle "EXT 2022"]
[Source "ChessBase"]
[SourceDate "2021.10.06"]
[SourceVersion "1"]
[SourceVersionDate "2021.10.06"]
[SourceQuality "1"]

1. d4 Nf6 2. Nf3 d5 3. c4 c6 4. cxd5 cxd5 5. Nc3 Nc6 6. Bf4 Qb6 7. e3 Bg4 8. a3 a6 9. Be2 e6 10. 0-0 Be7 11. Na4 Qa7 12. Rc1 0-0 13. Nc5 Bxc5 14. dxc5 Rac8 15. Ne5 Bxe2 16. Qxe2 b6 17. Nxc6 Rxc6 18. cxb6 Qxb6 19. Rc2 Rfc8 20. Rfc1 Qxb2 21. Rxb2 Rxc1+ 22. Qf1 Rxf1+ 23. Kxf1 h6 24. Rb6 g5 25. Bg3 Ra8 1/2-1/2

[Event "Uljanovsk Privolje op"]
[Site "Uljanovsk"]
[Date "2009.01.31"]
[Round "2"]
[White "Zaitsev, Vasiliy"]
[Black "Konopkin, Alexey"]
[Result "0-1"]
[WhiteElo "2060"]
[BlackElo "1843"]
[PlyCount "80"]
[EventDate "2009.01.31"]
[EventType "swiss"]
[EventRounds "9"]
[EventCountry "RUS"]
[SourceTitle "EXT 2022"]
[Source "ChessBase"]
[SourceDate "2021.10.06"]
[SourceVersion "1"]
[SourceVersionDate "2021.10.06"]
[SourceQuality "1"]

1. e4 e5 2. Nf3 Nc6 3. d4 exd4 4. Nxd4 Bc5 5. Be3 Bb6 6. Nxc6 bxc6 7. Bxb6 cxb6 8. Nc3 d6 9. Qd4 Qf6 10. 0-0-0 Qxd4 11. Rxd4 Ke7 12. a4 f5 13. f3 Nf6 14. Bc4 fxe4 15. fxe4 Ng4 16. Rf1 Be6 17. Bxe6 Kxe6 18. h3 Ne3 19. Rf2 Rhf8 20. Rdd2 Nf1 21. Rde2 Ng3 22. Rd2 Nf1 23. Rde2 Ng3 24. Rxf8 Nxe2+ 25. Nxe2 Rxf8 26. Nd4+ Kd7 27. Nf3 Rf4 28. e5 Rxf3 29. gxf3 dxe5 30. Kd2 Ke6 31. Ke3 Kf5 32. b4 a5 33. c4 c5 34. bxa5 bxa5 35. h4 g6 36. Ke2 Kf4 37. Kf2 h6 38. Ke2 e4 39. fxe4 Kxe4 40. Kd2 Kd4 0-1